000 00745nam a2200253Ia 4500
003 OSt
005 20220926030220.0
006 a|||||r|||| 00| 0
007 ta
008 220923b |||||||| |||| 00| 0 eng d
037 _cGeneral Book
040 _aRTL
_cRTL
_beng
041 _2eng
_aeng
082 _aY72.8.N7, L8
100 _aHoward Michael Ed.
245 0 _aWhitefella business
_b Aborigines in Austrialian pol
260 _aPhiladelphia
_bISHI
_c1978
300 _a169p
_ccm.
490 _aInstitute for the Study of Human Issues
500 _aBibiliogrpahy chapterwise and P 161-63
650 _aTribes
_940733
942 _hY72.8.N7, L8
_cGB
_2CC
999 _c648994
_d648994